=LDR 00000nam 2200000 4500 =001 000192 =020 $9786025139475 =082 $658.000 =100 $Yulian Harsono =245 $Jurus sukses menjadi entrepreneur makmur =250 $Cetakan 2 =264 $Tangerang: Pintar Pustaka 2024 =300 $vi, 94 halaman; 21 cm. =650 $Manajemen =905 $658 YUL j =336 $$a =337 $$a =338 $$a =005 20260702151432.0 =008 260702s2026\\\\\\\\\\\\\\\\\\\\\\\\\\\\\\\\\\\\\\\\\